Tratado de las aguas termales de Trillo, comprehende la antiguedad, y situacion de Trillo, la descripcion de sus baños, la de sus plantas y minerales, la analisis de las aguas, las curaciones... / (Record no. 154439)
[ view plain ]
| 000 -LEADER | |
|---|---|
| campo de control de longitud fija | 01275nam a2200253 i 4500 |
| 001 - NÚMERO DE CONTROL | |
| campo de control | 154439 |
| 003 - IDENTIFICADOR DE NÚMERO DE CONTROL | |
| campo de control | ES-MaACL |
| 005 - FECHA Y HORA DE LA ÚLTIMA TRANSACCIÓN | |
| campo de control | 20250727053337.0 |
| 008 - DATOS DE LONGITUD FIJA--INFORMACIÓN GENERAL | |
| campo de control de longitud fija | 931025s1778 sp |||| | spa d |
| 100 1# - ENTRADA PRINCIPAL--NOMBRE DE PERSONA | |
| Nombre de persona | Gómez Ortega, Casimiro. |
| 9 (RLIN) | 146393 |
| 245 10 - MENCIÓN DEL TÍTULO | |
| Título | Tratado de las aguas termales de Trillo, comprehende la antiguedad, y situacion de Trillo, la descripcion de sus baños, la de sus plantas y minerales, la analisis de las aguas, las curaciones... / |
| Mención de responsabilidad, etc. | escrito de orden del rey, y baxo la direccion del ilustrisimo señor D. Miguel Maria de Nava..., por el doctor D. Casimiro Gomez Ortega... |
| 260 ## - PUBLICACIÓN, DISTRIBUCIÓN, ETC. | |
| Lugar de publicación, distribución, etc. | Madrid : |
| Nombre del editor, distribuidor, etc. | En la Imprenta de D. Joachin Ibarra, |
| Fecha de publicación, distribución, etc. | 1778. |
| 300 ## - DESCRIPCIÓN FÍSICA | |
| Extensión | [4], 227, [1] p. ; |
| Dimensiones | 8º. |
| 530 ## - NOTA DISPONIBLE DE FORMULARIO FÍSICO ADICIONAL | |
| Nota de formato físico adicional disponible | Disponible en formato digital. |
| 596 ## - NOTA AL PIE DE IMPRENTA | |
| NOTA AL PIE DE IMPRENTA | Marca tip. en port. |
| 597 ## - NOTA DE DESCRIPCIÓN FÍSICA | |
| NOTA DE DESCRIPCIÓN FÍSICA | Sign. : A-O8, P4. |
| 597 ## - NOTA DE DESCRIPCIÓN FÍSICA | |
| NOTA DE DESCRIPCIÓN FÍSICA | Antep. |
| 650 #4 - PUNTO DE ACCESO ADICIONAL DE MATERIA--TÉRMINO DE MATERIA | |
| Término de materia o nombre geográfico como elemento de entrada | Aguas minerales- |
| Subdivisión geográfica | Trillo (Guadalajara) |
| 9 (RLIN) | 172328 |
| 650 #4 - PUNTO DE ACCESO ADICIONAL DE MATERIA--TÉRMINO DE MATERIA | |
| Término de materia o nombre geográfico como elemento de entrada | Fuentes termales- |
| Subdivisión geográfica | Guadalajara (Provincia) |
| 9 (RLIN) | 172335 |
| 700 1# - ENTRADA AGREGADA--NOMBRE PERSONAL | |
| Nombre de persona | Ibarra, Joaquín, |
| Fechas asociadas al nombre | 1725-1785 |
| 9 (RLIN) | 172326 |
| 852 ## - LOCALIZACIÓN | |
| Ubicación | ES-MaACL |
| Número de control de estantería | R-3097(2) |
| Nota libre | - Enc. pasta española |
| -- | - Enc. en un vol. facticio |
| Encuadernación | - Olim: T-627-F |
| 856 ## - LOCALIZACIÓN Y ACCESO ELECTRÓNICOS | |
| Identificador Uniforme de Recursos | <a href="http://bdh-rd.bne.es/viewer.vm?id=0000059243&page=1 ">http://bdh-rd.bne.es/viewer.vm?id=0000059243&page=1 </a> |
| Nota pública | Biblioteca Digital Hispánica |
| Estatus retirado | Estado de pérdida | Estado de daño | No para préstamo | Colección | Biblioteca de origen | Biblioteca actual | Ubicación en estantería | Fecha de adquisición | Total de préstamos | Signatura topográfica completa | Código de barras | Visto por última vez | Precio de reemplazo | Tipo de ítem Koha |
|---|---|---|---|---|---|---|---|---|---|---|---|---|---|---|
| Colección digital | Biblioteca del Ateneo de Madrid | Biblioteca del Ateneo de Madrid | Depósito | 17/01/2008 | R-3097(2) | 1161510 | 23/02/2023 | 23/02/2023 | Libro impreso antiguo |
